[Event "GER-chT U14 Girls"]
[Site "Magdeburg"]
[Date "2015.12.30"]
[Round "7.4"]
[White "Heinze, Vanessa"]
[Black "Heck, Jasmin"]
[Result "0-1"]
[WhiteElo "737"]
[BlackElo "919"]
[PlyCount "42"]
[EventDate "2015.12.27"]
[EventType "team-swiss"]
[EventRounds "7"]
[EventCountry "GER"]
[SourceTitle "EXT 2017"]
[Source "ChessBase"]
[SourceDate "2016.10.25"]
[SourceVersion "1"]
[SourceVersionDate "2016.10.25"]
[SourceQuality "1"]
[WhiteTeam "Ammersee"]
[BlackTeam "Leipzig SG"]
[WhiteTeamCountry "GER"]
[BlackTeamCountry "GER"]

1. e4 d6 2. Nf3 Nf6 3. Nc3 g6 4. Bc4 Bg7 5. d3 0-0 6. Bf4 Bg4 7. 0-0 Nc6 8. Nd5 Nxd5 9. Bxd5 Nd4 10. Bxb7 Rb8 11. Bd5 Nxf3+ 12. gxf3 Bh3 13. Re1 e6 14. Bc4 Re8 15. Qc1 d5 16. exd5 exd5 17. Rxe8+ Qxe8 18. Bb3 Qc6 19. c3 d4 20. cxd4 Qxf3 21. Qxc7 Qg2# 0-1

[Event "Sachsen-ch U10 Girls"]
[Site "Sebnitz"]
[Date "2013.04.06"]
[Round "7"]
[White "Bartscht, Theresa"]
[Black "Heck, Jasmin"]
[Result "0-1"]
[WhiteElo "758"]
[BlackElo "947"]
[PlyCount "62"]
[EventDate "2013.04.02"]
[EventType "swiss"]
[EventRounds "7"]
[EventCountry "GER"]
[SourceTitle "EXT 2014"]
[Source "ChessBase"]
[SourceDate "2013.11.20"]
[SourceVersion "1"]
[SourceVersionDate "2013.11.20"]
[SourceQuality "1"]

1. e4 e5 2. Nf3 Nc6 3. Bc4 Bc5 4. d3 d6 5. Bg5 Nf6 6. Nc3 h6 7. Bh4 g5 8. Bg3 Bg4 9. h3 Bh5 10. Qd2 Qd7 11. h4 g4 12. Nh2 0-0-0 13. Nd5 Nxd5 14. Bxd5 Nd4 15. b3 f5 16. b4 Bb6 17. Rb1 Rdf8 18. b5 Nxb5 19. Bc4 Nd4 20. Qc3 Qc6 21. Rb4 f4 22. Nf1 fxg3 23. Nxg3 Bg6 24. Ne2 Bc5 25. Nxd4 exd4 26. Qa3 d5 27. Bb3 Qd6 28. Qa4 Bxb4+ 29. Kd1 Qc5 30. Rh2 Qc3 31. Kc1 Qa1# 0-1

[Event "Sachsen-ch U10 Girls"]
[Site "Sebnitz"]
[Date "2013.04.03"]
[Round "3"]
[White "Brewig, Becky"]
[Black "Heck, Jasmin"]
[Result "1/2-1/2"]
[WhiteElo "909"]
[BlackElo "947"]
[PlyCount "61"]
[EventDate "2013.04.02"]
[EventType "swiss"]
[EventRounds "7"]
[EventCountry "GER"]
[SourceTitle "EXT 2014"]
[Source "ChessBase"]
[SourceDate "2013.11.20"]
[SourceVersion "1"]
[SourceVersionDate "2013.11.20"]
[SourceQuality "1"]

1. e4 e5 2. Nf3 Nc6 3. Bc4 Bc5 4. 0-0 Nf6 5. d4 d6 6. dxc5 Nxe4 7. Qe2 Bf5 8. cxd6 Qxd6 9. Nc3 Nc5 10. Ng5 0-0 11. Be3 b6 12. Rac1 Qg6 13. Nd5 Rad8 14. Nxc7 h6 15. Nf3 Bh3 16. Nh4 Qf6 17. Nf3 Bf5 18. Nb5 e4 19. Nd2 Qg6 20. h3 Bxh3 21. f3 exf3 22. Qxf3 Ne5 23. Qxh3 Ng4 24. Bxc5 bxc5 25. Nxa7 Rxd2 26. Nb5 Ne3 27. Rf2 Nxc4 28. Rxd2 Nxd2 29. Nc7 Qg5 30. Rd1 Ne4 31. Qf3 1/2-1/2